KOHA-Header-6

Encylopedic Manual of Everyday Science (Record no. 10712)

000 -LEADER
fixed length control field 00283nam a2200109Ia 4500
100 ## - MAIN ENTRY--AUTHOR NAME
Personal name Dr.Rab Nawaz Samo
245 #0 - TITLE STATEMENT
Title Encylopedic Manual of Everyday Science
260 ## - PUBLICATION, DISTRIBUTION, ETC. (IMPRINT)
Place of publication Karachi
Name of publisher Faridi Book
Year of publication 2000
300 ## - PHYSICAL DESCRIPTION
Number of Pages 423
942 ## - ADDED ENTRY ELEMENTS (KOHA)
Koha item type Books

No items available.

Powered by Koha